000
00180 a2200097 4500
001
3630
100
_a
Qureshi, A I
245
_a
Populatio
260
_a
_b
_c
090
_c
2894
_d
2894
942
_a
NUST-CAE
_c
_c
21046
999
_c
238703
_d
238703